000 00254nam a2200109Ia 4500
008 190216s9999||||xx |||||||||||||| ||und||
100 _aSomerst Maugham W
245 4 _aThe Magicine
260 _bPocket Books Publishers
650 _aEnglish
942 _cBK
999 _c12275
_d12275